000 00296nam a22001337a 4500
008 170920b xxu||||| |||| 00| 0 eng d
020 _a0517500884
041 _aeng
080 _a7
100 _a45
101 _aART
245 _aCONTEMPORARY BATIK AND TIE-DYE
_cMEILACH,D.Z
942 _2udc
_cBK
999 _c28413
_d28413